1703 1277 1406 1884 1632 1692 1623 1748 1042 1716 1663 1115 1462 1105 1381 1768 1437 1922 1057 1031 1473 1479 1222 1303 1339 1489 1577 1701 1141 1159 1588 1608 1972 1868 1335 1719 1622 1905 1425 1107 1226 1767 1201 1842 1275 1866 1929 1888 1002 1930 1655 1145 1848 1120 1257 1037 1825 1285 1272 1369 1128 1410 1708 1958 1052 1048 1537 1984 1243 1658 1332 1983 1500 1183 1395 1319 1787 1581 1025 1205 1427 1786 1447 1349 1873 1190 1702 1362 1440 1974 1096 1360 1020 1378 1480 1124 1838 1871 1679 BCNSPRNW ULIB Ver.6.0+V

เปลี่ยนเป็นภาษาไทย

Change to English
 แสดงรายละเอียดบรรณานุกรม
  กลับหน้าหลัก

Brief Record : Get Marc (ISO 2709) : E-mail record : QR code < ปิดหน้าต่าง
LEADER : 00000nam 2200000uu 4500
001    13399121637
003     ULIB
008    121128s2552||||th 000 0 tha d
020    ^a9740152325
060 04 ^aWS113^bว618ค
100 0  ^aวินัดดา ปิยะศิลป์
245 10 ^aคู่มือการเลี้ยงลูก วัยรุ่น /^cวินัดดา ปิยะศิลป์,บรรณาธิการ
260    ^aนนทบุรี :^bสถาบันสุขภาพเด็กแห่งชาติมหาราชินี,^c2552
300    ^a112 หน้า
650  7 ^aคู่มือเลี้ยงลูก
710 2  ^aกรมการแพทย์. ^bสถาบันสุขภาพเด็กแห่งชาติมหาราชินี
945    ^p0^l0^i15700
945    ^p0^l0^i15701
995    ^aวิภา
999 ^a ใช้งานได้ทุกระบบ
รายการนี้ยังไม่มีแท็ก
คุณยังไม่ได้ล็อกอิน คุณสามารถมีกิจกรรมร่วมกับเว็บไซต์ได้ แต่ต้องล็อกอินก่อน ::
  ล็อกอิน

รายการสื่อสารสนเทศ

ลำดับที่ ประเภท เลขเรียก/บาร์โค้ด สถานที่ สถานะ
- ไม่พบข้อมูล -

รายการใกล้เคียง
    ผู้แต่ง [วินัดดา ปิยะศิลป์]

    หัวเรื่อง [คู่มือเลี้ยงลูก]

BibComment


ยังไม่เคยถูกคอมเมนท์

คอมเมนท์ทรัพยากรรายการนี้
  คอมเมนท์: คู่มือการเลี้ยงล..


 Copyright 2026. Bcnsprnw @Library